[Event "World Youth & Cadets Rapid Championships"]
[Site "Rhodes, Greece"]
[Date "2022.05.02"]
[Round "7.37"]
[White "Karas, Eugenia"]
[Black "Seemann, Pola"]
[Result "1/2-1/2"]
[TimeControl "10'/game & 5\"/move"]
[WhiteElo "1578"]
[BlackElo "1316"]

1. d4 {[%clk 00:10:08]} {[%emt 00:00:02]} d5 {[%clk 00:10:09]} {[%emt
00:00:02]} 2. c4 {[%clk 00:10:12]} {[%emt 00:00:01]} e6 {[%clk 00:10:13]}
{[%emt 00:00:01]} 3. Nf3 {[%clk 00:10:16]} {[%emt 00:00:02]} Nf6 {[%clk
00:10:16]} {[%emt 00:00:02]} 4. g3 {[%clk 00:10:20]} Be7 {[%clk 00:10:17]}
{[%emt 00:00:03]} 5. Bg2 {[%clk 00:10:23]} O-O {[%clk 00:10:18]} {[%emt
00:00:04]} 6. O-O {[%clk 00:10:26]} {[%emt 00:00:03]} dxc4 {[%clk 00:10:11]}
{[%emt 00:00:12]} 7. Qa4 {[%clk 00:10:30]} {[%emt 00:00:02]} Nc6 {[%clk
00:09:41]} {[%emt 00:00:34]} 8. Qxc4 {[%clk 00:10:29]} {[%emt 00:00:05]} Re8
{[%clk 00:09:25]} {[%emt 00:00:22]} 9. Nc3 {[%clk 00:09:42]} {[%emt 00:00:52]}
Bf8 {[%clk 00:09:13]} {[%emt 00:00:16]} 10. Bg5 {[%clk 00:09:01]} {[%emt
00:00:47]} h6 {[%clk 00:08:56]} {[%emt 00:00:22]} 11. Bxf6 {[%clk 00:08:49]}
{[%emt 00:00:17]} Qxf6 {[%clk 00:08:57]} {[%emt 00:00:04]} 12. Nb5 {[%clk
00:07:47]} {[%emt 00:01:07]} Qd8 {[%clk 00:08:24]} {[%emt 00:00:38]} 13. Rfd1
{[%clk 00:07:17]} {[%emt 00:00:35]} a6 {[%clk 00:07:58]} {[%emt 00:00:31]} 14.
Nc3 {[%clk 00:07:17]} {[%emt 00:00:06]} Bd7 {[%clk 00:07:38]} {[%emt 00:00:24]}
15. a4 {[%clk 00:06:33]} {[%emt 00:00:49]} Na5 {[%clk 00:07:04]} {[%emt
00:00:38]} 16. Qd3 {[%clk 00:06:31]} {[%emt 00:00:08]} Bb4 {[%clk 00:06:30]}
{[%emt 00:00:38]} 17. Na2 {[%clk 00:05:40]} {[%emt 00:00:57]} Qe7 {[%clk
00:05:58]} {[%emt 00:00:36]} 18. Nxb4 {[%clk 00:04:54]} {[%emt 00:00:52]} Qxb4
{[%clk 00:05:59]} {[%emt 00:00:03]} 19. Qc3 {[%clk 00:04:50]} {[%emt 00:00:09]}
Qxc3 {[%clk 00:05:18]} {[%emt 00:00:47]} 20. bxc3 {[%clk 00:04:54]} Nc4 {[%clk
00:05:19]} {[%emt 00:00:04]} 21. a5 {[%clk 00:03:03]} {[%emt 00:01:56]} Bb5
{[%clk 00:04:45]} {[%emt 00:00:38]} 22. Nd2 {[%clk 00:02:19]} {[%emt 00:00:50]}
Rab8 {[%clk 00:04:08]} {[%emt 00:00:41]} 23. Nxc4 {[%clk 00:01:53]} {[%emt
00:00:31]} Bxc4 {[%clk 00:04:11]} {[%emt 00:00:03]} 24. e4 {[%clk 00:01:39]}
{[%emt 00:00:19]} b6 {[%clk 00:03:17]} {[%emt 00:00:59]} 25. Bf1 {[%clk
00:01:35]} {[%emt 00:00:09]} Bxf1 {[%clk 00:03:05]} {[%emt 00:00:17]} 26. Kxf1
{[%clk 00:01:38]} {[%emt 00:00:02]} b5 {[%clk 00:02:59]} {[%emt 00:00:10]} 27.
Rab1 {[%clk 00:01:16]} {[%emt 00:00:28]} Red8 {[%clk 00:02:31]} {[%emt
00:00:33]} 28. Ke2 {[%clk 00:01:12]} {[%emt 00:00:09]} Rd6 {[%clk 00:02:30]}
{[%emt 00:00:02]} 29. c4 {[%clk 00:01:08]} {[%emt 00:00:13]} c6 {[%clk
00:02:01]} {[%emt 00:00:34]} 30. c5 {[%clk 00:00:48]} {[%emt 00:00:25]} Rd7
{[%clk 00:01:59]} {[%emt 00:00:06]} 31. f4 {[%clk 00:00:40]} {[%emt 00:00:14]}
f5 {[%clk 00:01:57]} {[%emt 00:00:06]} 32. e5 {[%clk 00:00:41]} {[%emt
00:00:05]} Rd5 {[%clk 00:01:59]} {[%emt 00:00:03]} 33. Rd3 {[%clk 00:00:30]}
{[%emt 00:00:16]} Rbd8 {[%clk 00:02:01]} {[%emt 00:00:03]} 34. Ke3 {[%clk
00:00:32]} {[%emt 00:00:04]} Kf7 {[%clk 00:02:01]} {[%emt 00:00:04]} 35. Rb4
{[%clk 00:00:35]} {[%emt 00:00:02]} g5 {[%clk 00:01:48]} {[%emt 00:00:19]} 36.
Rb1 {[%clk 00:00:30]} {[%emt 00:00:10]} Kg6 {[%clk 00:01:50]} {[%emt 00:00:02]}
37. h3 {[%clk 00:00:28]} {[%emt 00:00:06]} h5 {[%clk 00:01:44]} {[%emt
00:00:12]} 38. h4 {[%clk 00:00:26]} {[%emt 00:00:07]} g4 {[%clk 00:01:37]}
{[%emt 00:00:11]} 1/2-1/2

[Event "World Youth & Cadets Rapid Championships"]
[Site "Rhodes, Greece"]
[Date "2022.05.02"]
[Round "7.38"]
[White "Guid, Taja"]
[Black "Bendik, Margarita"]
[Result "1-0"]
[TimeControl "10'/game & 5\"/move"]
[WhiteElo "1481"]
[BlackElo "1420"]

1. e4 {[%clk 00:10:09]} d5 {[%clk 00:10:09]} 2. exd5 {[%clk 00:10:14]} {[%emt
00:00:01]} Qxd5 {[%clk 00:10:13]} {[%emt 00:00:01]} 3. Nc3 {[%clk 00:10:17]}
{[%emt 00:00:01]} Qd6 {[%clk 00:10:17]} 4. d4 {[%clk 00:10:20]} {[%emt
00:00:03]} Nf6 {[%clk 00:10:22]} {[%emt 00:00:01]} 5. Nf3 {[%clk 00:10:22]}
{[%emt 00:00:03]} c6 {[%clk 00:10:26]} {[%emt 00:00:01]} 6. g3 {[%clk
00:10:24]} {[%emt 00:00:03]} Bf5 {[%clk 00:10:26]} {[%emt 00:00:05]} 7. Bg2
{[%clk 00:10:23]} {[%emt 00:00:05]} e6 {[%clk 00:10:28]} {[%emt 00:00:03]} 8.
O-O {[%clk 00:10:17]} {[%emt 00:00:11]} h6 {[%clk 00:10:32]} 9. Bf4 {[%clk
00:10:14]} {[%emt 00:00:09]} Qd8 {[%clk 00:10:36]} 10. h3 {[%clk 00:09:23]}
{[%emt 00:00:55]} Be7 {[%clk 00:10:30]} {[%emt 00:00:11]} 11. g4 {[%clk
00:09:02]} {[%emt 00:00:26]} Bh7 {[%clk 00:10:33]} {[%emt 00:00:02]} 12. Re1
{[%clk 00:08:50]} {[%emt 00:00:17]} O-O {[%clk 00:10:24]} {[%emt 00:00:15]} 13.
Qd2 {[%clk 00:08:33]} {[%emt 00:00:21]} Nbd7 {[%clk 00:10:03]} {[%emt
00:00:27]} 14. Rad1 {[%clk 00:07:31]} {[%emt 00:01:07]} Nb6 {[%clk 00:09:29]}
{[%emt 00:00:39]} 15. Ne5 {[%clk 00:05:48]} {[%emt 00:01:47]} Nbd5 {[%clk
00:09:05]} {[%emt 00:00:29]} 16. Nxd5 {[%clk 00:05:48]} {[%emt 00:00:06]} Nxd5
{[%clk 00:09:09]} {[%emt 00:00:01]} 17. Bg3 {[%clk 00:05:45]} {[%emt 00:00:08]}
a5 {[%clk 00:05:52]} {[%emt 00:03:22]} 18. a3 {[%clk 00:05:42]} {[%emt
00:00:07]} Bh4 {[%clk 00:04:39]} {[%emt 00:01:18]} 19. Kh2 {[%clk 00:05:27]}
{[%emt 00:00:20]} Bxg3+ {[%clk 00:04:05]} {[%emt 00:00:40]} 20. fxg3 {[%clk
00:05:31]} {[%emt 00:00:01]} Qc7 {[%clk 00:04:08]} {[%emt 00:00:02]} 21. c4
{[%clk 00:05:08]} {[%emt 00:00:27]} Nb6 {[%clk 00:04:11]} {[%emt 00:00:03]} 22.
Qc3 {[%clk 00:05:06]} {[%emt 00:00:06]} a4 {[%clk 00:03:53]} {[%emt 00:00:24]}
23. Rd2 {[%clk 00:04:44]} {[%emt 00:00:27]} Rad8 {[%clk 00:03:54]} {[%emt
00:00:03]} 24. Red1 {[%clk 00:04:46]} {[%emt 00:00:03]} Nd7 {[%clk 00:03:51]}
{[%emt 00:00:08]} 25. Nd3 {[%clk 00:04:20]} {[%emt 00:00:32]} Nf6 {[%clk
00:03:25]} {[%emt 00:00:31]} 26. Nc5 {[%clk 00:03:14]} {[%emt 00:01:11]} Ra8
{[%clk 00:03:20]} {[%emt 00:00:10]} 27. Qe3 {[%clk 00:03:04]} {[%emt 00:00:15]}
b6 {[%clk 00:03:18]} {[%emt 00:00:07]} 28. Nd3 {[%clk 00:03:03]} {[%emt
00:00:06]} Rad8 {[%clk 00:03:07]} {[%emt 00:00:15]} 29. Ne5 {[%clk 00:03:02]}
{[%emt 00:00:06]} Rd6 {[%clk 00:02:28]} {[%emt 00:00:44]} 30. Kg1 {[%clk
00:01:41]} {[%emt 00:01:26]} Rfd8 {[%clk 00:02:30]} {[%emt 00:00:03]} 31. Kh2
{[%clk 00:01:42]} {[%emt 00:00:04]} c5 {[%clk 00:01:13]} {[%emt 00:01:22]} 32.
d5 {[%clk 00:01:25]} {[%emt 00:00:22]} exd5 {[%clk 00:01:15]} {[%emt 00:00:03]}
33. cxd5 {[%clk 00:01:23]} {[%emt 00:00:07]} Re8 {[%clk 00:01:02]} {[%emt
00:00:18]} 34. Qf4 {[%clk 00:01:27]} Rdd8 {[%clk 00:00:43]} {[%emt 00:00:24]}
35. d6 {[%clk 00:01:30]} {[%emt 00:00:03]} Qa7 {[%clk 00:00:31]} {[%emt
00:00:17]} 36. Nc6 {[%clk 00:01:31]} {[%emt 00:00:04]} Qa6 {[%clk 00:00:18]}
{[%emt 00:00:17]} 37. Nxd8 {[%clk 00:01:34]} {[%emt 00:00:02]} Rxd8 {[%clk
00:00:22]} 38. d7 {[%clk 00:01:34]} {[%emt 00:00:06]} Qa7 {[%clk 00:00:16]}
{[%emt 00:00:11]} 39. Bc6 {[%clk 00:01:34]} {[%emt 00:00:06]} Kf8 {[%clk
00:00:07]} {[%emt 00:00:14]} 40. Qd6+ {[%clk 00:01:36]} {[%emt 00:00:02]} Kg8
{[%clk 00:00:11]} {[%emt 00:00:01]} 41. Qe7 {[%clk 00:01:37]} {[%emt 00:00:04]}
Qb8 {[%clk 00:00:15]} {[%emt 00:00:02]} 42. Rd6 {[%clk 00:01:12]} {[%emt
00:00:29]} Bg6 {[%clk 00:00:15]} {[%emt 00:00:05]} 43. R1d2 {[%clk 00:00:46]}
{[%emt 00:00:32]} Kh7 {[%clk 00:00:10]} {[%emt 00:00:10]} 44. Rd1 {[%clk
00:00:48]} {[%emt 00:00:03]} b5 {[%clk 00:00:13]} {[%emt 00:00:02]} 45. Qe5
{[%clk 00:00:47]} {[%emt 00:00:04]} b4 {[%clk 00:00:09]} {[%emt 00:00:10]} 46.
Qxc5 {[%clk 00:00:45]} {[%emt 00:00:07]} bxa3 {[%clk 00:00:10]} {[%emt
00:00:04]} 47. bxa3 {[%clk 00:00:49]} {[%emt 00:00:02]} Qb2+ {[%clk 00:00:13]}
{[%emt 00:00:02]} 48. R1d2 {[%clk 00:00:48]} {[%emt 00:00:05]} Qa1 {[%clk
00:00:15]} {[%emt 00:00:04]} 49. Qb6 {[%clk 00:00:47]} {[%emt 00:00:06]} Ne4
{[%clk 00:00:08]} {[%emt 00:00:11]} 50. Bxe4 {[%clk 00:00:46]} {[%emt
00:00:06]} Bxe4 {[%clk 00:00:12]} 51. Rd1 {[%clk 00:00:37]} {[%emt 00:00:14]}
Qa2+ {[%clk 00:00:16]} 52. R6d2 {[%clk 00:00:42]} Rxd7 {[%clk 00:00:16]} {[%emt
00:00:06]} 53. Rxa2 {[%clk 00:00:41]} {[%emt 00:00:05]} Rxd1 {[%clk 00:00:20]}
54. Rg2 {[%clk 00:00:30]} {[%emt 00:00:16]} Bxg2 {[%clk 00:00:09]} {[%emt
00:00:17]} 55. Kxg2 {[%clk 00:00:34]} Rd2+ {[%clk 00:00:13]} {[%emt 00:00:01]}
56. Kf1 {[%clk 00:00:37]} {[%emt 00:00:02]} Rd7 {[%clk 00:00:06]} {[%emt
00:00:10]} 57. Qb5 {[%clk 00:00:40]} {[%emt 00:00:04]} Rd4 {[%clk 00:00:07]}
{[%emt 00:00:04]} 58. Qb1+ {[%clk 00:00:43]} {[%emt 00:00:02]} g6 {[%clk
00:00:11]} {[%emt 00:00:02]} 59. Qb2 {[%clk 00:00:45]} {[%emt 00:00:02]} Rd3
{[%clk 00:00:12]} {[%emt 00:00:04]} 60. Kf2 {[%clk 00:00:46]} {[%emt 00:00:04]}
Rb3 {[%clk 00:00:15]} {[%emt 00:00:01]} 61. Qc1 {[%clk 00:00:49]} {[%emt
00:00:02]} Kg7 {[%clk 00:00:14]} {[%emt 00:00:06]} 62. Qa1+ {[%clk 00:00:52]}
{[%emt 00:00:02]} Kh7 {[%clk 00:00:18]} {[%emt 00:00:01]} 63. Qc1 {[%clk
00:00:53]} {[%emt 00:00:05]} Kg7 {[%clk 00:00:22]} 64. h4 {[%clk 00:00:56]}
{[%emt 00:00:02]} Kh7 {[%clk 00:00:25]} {[%emt 00:00:02]} 65. Kg2 {[%clk
00:00:58]} {[%emt 00:00:03]} Kg7 {[%clk 00:00:26]} {[%emt 00:00:04]} 66. Kh3
{[%clk 00:00:59]} {[%emt 00:00:03]} Kh7 {[%clk 00:00:23]} {[%emt 00:00:09]} 67.
Qc4 {[%clk 00:00:52]} {[%emt 00:00:11]} 1-0

[Event "World Youth & Cadets Rapid Championships"]
[Site "Rhodes, Greece"]
[Date "2022.05.02"]
[Round "7.39"]
[White "Aydogan, Arya"]
[Black "Hnatyshyn, Anastasiia"]
[Result "0-1"]
[TimeControl "10'/game & 5\"/move"]
[WhiteElo "1409"]
[BlackElo "1889"]

1. e4 {[%clk 00:10:07]} {[%emt 00:00:03]} c5 {[%clk 00:10:08]} {[%emt
00:00:03]} 2. Nf3 {[%clk 00:10:08]} {[%emt 00:00:03]} Nc6 {[%clk 00:10:11]}
{[%emt 00:00:03]} 3. Bb5 {[%clk 00:10:09]} {[%emt 00:00:04]} g6 {[%clk
00:10:13]} {[%emt 00:00:03]} 4. O-O {[%clk 00:10:08]} {[%emt 00:00:06]} Bg7
{[%clk 00:10:13]} {[%emt 00:00:05]} 5. c3 {[%clk 00:10:07]} {[%emt 00:00:06]}
Nf6 {[%clk 00:10:15]} {[%emt 00:00:03]} 6. Re1 {[%clk 00:10:05]} {[%emt
00:00:05]} O-O {[%clk 00:10:16]} {[%emt 00:00:05]} 7. d4 {[%clk 00:10:05]}
{[%emt 00:00:05]} d5 {[%clk 00:10:18]} {[%emt 00:00:03]} 8. e5 {[%clk
00:10:00]} {[%emt 00:00:10]} Ne4 {[%clk 00:10:20]} {[%emt 00:00:03]} 9. Nbd2
{[%clk 00:08:58]} {[%emt 00:01:07]} Bf5 {[%clk 00:10:17]} {[%emt 00:00:08]} 10.
Nh4 {[%clk 00:08:10]} {[%emt 00:00:53]} Nxd2 {[%clk 00:09:06]} {[%emt
00:01:17]} 11. Nxf5 {[%clk 00:07:18]} {[%emt 00:00:57]} gxf5 {[%clk 00:08:46]}
{[%emt 00:00:25]} 12. Bxd2 {[%clk 00:06:48]} {[%emt 00:00:34]} cxd4 {[%clk
00:06:01]} {[%emt 00:02:51]} 13. Bxc6 {[%clk 00:06:27]} {[%emt 00:00:26]} dxc3
{[%clk 00:03:47]} {[%emt 00:02:20]} 14. Bxb7 {[%clk 00:02:39]} {[%emt
00:03:51]} cxd2 {[%clk 00:03:48]} {[%emt 00:00:05]} 15. Qxd2 {[%clk 00:02:36]}
{[%emt 00:00:08]} Rb8 {[%clk 00:03:34]} {[%emt 00:00:19]} 16. Qxd5 {[%clk
00:02:00]} {[%emt 00:00:41]} Qb6 {[%clk 00:03:11]} {[%emt 00:00:27]} 17. Bc6
{[%clk 00:01:59]} {[%emt 00:00:06]} e6 {[%clk 00:03:10]} {[%emt 00:00:06]} 18.
Qf3 {[%clk 00:01:41]} {[%emt 00:00:23]} Qxb2 {[%clk 00:03:04]} {[%emt
00:00:12]} 19. Qf4 {[%clk 00:01:08]} {[%emt 00:00:37]} Rfc8 {[%clk 00:02:02]}
{[%emt 00:01:08]} 20. Bf3 {[%clk 00:00:55]} {[%emt 00:00:18]} Rc2 {[%clk
00:01:52]} {[%emt 00:00:15]} 21. Bh5 {[%clk 00:00:55]} {[%emt 00:00:05]} h6
{[%clk 00:01:33]} {[%emt 00:00:24]} 22. h3 {[%clk 00:00:52]} {[%emt 00:00:07]}
Rb4 {[%clk 00:01:10]} {[%emt 00:00:29]} 23. Qe3 {[%clk 00:00:53]} {[%emt
00:00:03]} Qd4 {[%clk 00:00:16]} {[%emt 00:01:00]} 24. Qxd4 {[%clk 00:00:43]}
{[%emt 00:00:15]} Rxd4 {[%clk 00:00:19]} {[%emt 00:00:02]} 25. Red1 {[%clk
00:00:18]} {[%emt 00:00:30]} Bxe5 {[%clk 00:00:15]} {[%emt 00:00:09]} 26. Rxd4
{[%clk 00:00:16]} {[%emt 00:00:07]} Bxd4 {[%clk 00:00:19]} {[%emt 00:00:02]} 27.
Rd1 {[%clk 00:00:14]} {[%emt 00:00:06]} e5 {[%clk 00:00:11]} {[%emt 00:00:13]}
28. a4 {[%clk 00:00:10]} {[%emt 00:00:08]} Bxf2+ {[%clk 00:00:13]} {[%emt
00:00:03]} 29. Kf1 {[%clk 00:00:14]} {[%emt 00:00:02]} Bd4 {[%clk 00:00:17]}
{[%emt 00:00:02]} 30. Rb1 {[%clk 00:00:14]} {[%emt 00:00:04]} Rf2+ {[%clk
00:00:16]} {[%emt 00:00:05]} 31. Ke1 {[%clk 00:00:17]} {[%emt 00:00:02]} Rxg2
{[%clk 00:00:13]} {[%emt 00:00:09]} 32. Rb8+ {[%clk 00:00:17]} {[%emt
00:00:04]} Kg7 {[%clk 00:00:11]} {[%emt 00:00:08]} 33. Rb7 {[%clk 00:00:20]}
{[%emt 00:00:02]} Rg1+ {[%clk 00:00:10]} {[%emt 00:00:06]} 34. Ke2 {[%clk
00:00:22]} {[%emt 00:00:03]} Kf6 {[%clk 00:00:09]} {[%emt 00:00:06]} 35. Rxf7+
{[%clk 00:00:23]} {[%emt 00:00:04]} Kg5 {[%clk 00:00:13]} {[%emt 00:00:01]} 36.
Bf3 {[%clk 00:00:20]} {[%emt 00:00:08]} Kf4 {[%clk 00:00:15]} {[%emt 00:00:02]}
37. Bd5 {[%clk 00:00:22]} {[%emt 00:00:04]} e4 {[%clk 00:00:09]} {[%emt
00:00:11]} 38. Be6 {[%clk 00:00:23]} {[%emt 00:00:04]} Rg2+ {[%clk 00:00:12]}
{[%emt 00:00:01]} 39. Kf1 {[%clk 00:00:25]} {[%emt 00:00:04]} Rg5 {[%clk
00:00:12]} {[%emt 00:00:04]} 40. h4 {[%clk 00:00:22]} {[%emt 00:00:08]} Rh5
{[%clk 00:00:16]} {[%emt 00:00:02]} 41. Rd7 {[%clk 00:00:22]} {[%emt 00:00:05]}
Ke5 {[%clk 00:00:14]} {[%emt 00:00:07]} 42. Bf7 {[%clk 00:00:16]} {[%emt
00:00:11]} Rxh4 {[%clk 00:00:16]} {[%emt 00:00:02]} 43. Rb7 {[%clk 00:00:17]}
{[%emt 00:00:05]} Kf4 {[%clk 00:00:14]} {[%emt 00:00:07]} 44. Be6 {[%clk
00:00:16]} {[%emt 00:00:06]} Kf3 {[%clk 00:00:11]} {[%emt 00:00:07]} 45. Ke1
{[%clk 00:00:16]} {[%emt 00:00:06]} f4 {[%clk 00:00:12]} {[%emt 00:00:03]} 46.
Kd2 {[%clk 00:00:16]} {[%emt 00:00:05]} Rh2+ {[%clk 00:00:16]} {[%emt
00:00:02]} 47. Kd1 {[%clk 00:00:18]} {[%emt 00:00:03]} e3 {[%clk 00:00:10]}
{[%emt 00:00:12]} 48. Bd5+ {[%clk 00:00:19]} {[%emt 00:00:03]} Kf2 {[%clk
00:00:13]} {[%emt 00:00:02]} 49. Bc4 {[%clk 00:00:17]} {[%emt 00:00:07]} f3
{[%clk 00:00:12]} {[%emt 00:00:06]} 50. Re7 {[%clk 00:00:18]} {[%emt 00:00:04]}
Rh1+ {[%clk 00:00:14]} {[%emt 00:00:04]} 51. Kc2 {[%emt 00:00:02]} e2 {[%clk
00:00:16]} {[%emt 00:00:02]} 0-1

[Event "World Youth & Cadets Rapid Championships"]
[Site "Rhodes, Greece"]
[Date "2022.05.02"]
[Round "7.40"]
[White "Zagorac, Lara"]
[Black "Smietanska, Wiktoria"]
[Result "0-1"]
[TimeControl "10'/game & 5\"/move"]
[WhiteElo "1462"]
[BlackElo "1781"]

1. d4 {[%clk 00:10:09]} Nf6 {[%clk 00:10:09]} {[%emt 00:00:02]} 2. Nf3 {[%clk
00:10:11]} {[%emt 00:00:03]} g6 {[%clk 00:10:12]} {[%emt 00:00:01]} 3. Bf4
{[%clk 00:10:14]} {[%emt 00:00:02]} Bg7 {[%clk 00:10:12]} {[%emt 00:00:05]} 4.
c4 {[%clk 00:10:17]} {[%emt 00:00:03]} d6 {[%clk 00:10:12]} {[%emt 00:00:05]} 5.
Nc3 {[%clk 00:10:16]} {[%emt 00:00:06]} O-O {[%clk 00:10:14]} {[%emt 00:00:02]}
6. g3 {[%clk 00:10:11]} {[%emt 00:00:10]} Nbd7 {[%clk 00:10:16]} {[%emt
00:00:03]} 7. Bg2 {[%clk 00:10:09]} {[%emt 00:00:07]} Re8 {[%clk 00:10:12]}
{[%emt 00:00:10]} 8. O-O {[%clk 00:10:05]} {[%emt 00:00:08]} c6 {[%clk
00:10:08]} {[%emt 00:00:10]} 9. Re1 {[%clk 00:09:08]} {[%emt 00:01:01]} Nh5
{[%clk 00:09:20]} {[%emt 00:00:53]} 10. Bd2 {[%clk 00:08:47]} {[%emt 00:00:27]}
e5 {[%clk 00:09:14]} {[%emt 00:00:11]} 11. dxe5 {[%clk 00:08:23]} {[%emt
00:00:29]} dxe5 {[%clk 00:09:09]} {[%emt 00:00:10]} 12. Qc2 {[%clk 00:07:42]}
{[%emt 00:00:46]} Nhf6 {[%clk 00:08:34]} {[%emt 00:00:39]} 13. Rad1 {[%clk
00:06:51]} {[%emt 00:00:55]} Qc7 {[%clk 00:08:36]} {[%emt 00:00:04]} 14. Bg5
{[%clk 00:06:21]} {[%emt 00:00:35]} h6 {[%clk 00:08:33]} {[%emt 00:00:08]} 15.
Bd2 {[%clk 00:06:21]} {[%emt 00:00:06]} a5 {[%clk 00:07:57]} {[%emt 00:00:41]}
16. b3 {[%clk 00:06:12]} {[%emt 00:00:13]} Nc5 {[%clk 00:07:51]} {[%emt
00:00:10]} 17. Be3 {[%clk 00:05:54]} {[%emt 00:00:25]} Ne6 {[%clk 00:07:39]}
{[%emt 00:00:16]} 18. Na4 {[%clk 00:05:28]} {[%emt 00:00:32]} Nd7 {[%clk
00:06:12]} {[%emt 00:01:31]} 19. c5 {[%clk 00:04:21]} {[%emt 00:01:12]} f5
{[%clk 00:05:48]} {[%emt 00:00:29]} 20. Nb6 {[%clk 00:03:48]} {[%emt 00:00:38]}
Nxb6 {[%clk 00:05:12]} {[%emt 00:00:42]} 21. cxb6 {[%clk 00:03:52]} {[%emt
00:00:01]} Qe7 {[%clk 00:05:01]} {[%emt 00:00:15]} 22. Bc1 {[%clk 00:03:01]}
{[%emt 00:00:56]} e4 {[%clk 00:04:28]} {[%emt 00:00:39]} 23. Nd2 {[%clk
00:02:23]} {[%emt 00:00:43]} Nd4 {[%clk 00:04:00]} {[%emt 00:00:32]} 24. Qb1
{[%clk 00:02:22]} {[%emt 00:00:06]} e3 {[%clk 00:02:02]} {[%emt 00:02:04]} 25.
Nc4 {[%clk 00:01:27]} {[%emt 00:01:00]} exf2+ {[%clk 00:01:34]} {[%emt
00:00:33]} 26. Kxf2 {[%clk 00:01:27]} {[%emt 00:00:04]} Nb5 {[%clk 00:01:09]}
{[%emt 00:00:30]} 27. Qc2 {[%clk 00:01:00]} {[%emt 00:00:32]} Bc3 {[%clk
00:00:32]} {[%emt 00:00:42]} 28. Rg1 {[%clk 00:00:46]} {[%emt 00:00:19]} Nd4
{[%clk 00:00:12]} {[%emt 00:00:25]} 29. Rxd4 {[%emt 00:00:29]} Bxd4+ {[%clk
00:00:14]} {[%emt 00:00:01]} 30. e3 {[%clk 00:00:26]} {[%emt 00:00:04]} Bg7
{[%clk 00:00:14]} {[%emt 00:00:05]} 31. Rd1 {[%clk 00:00:26]} {[%emt 00:00:05]}
Be6 {[%clk 00:00:15]} {[%emt 00:00:04]} 32. Bb2 {[%clk 00:00:24]} {[%emt
00:00:07]} Bxc4 {[%clk 00:00:16]} {[%emt 00:00:03]} 33. bxc4 {[%clk 00:00:19]}
{[%emt 00:00:11]} Qxe3+ {[%clk 00:00:18]} {[%emt 00:00:02]} 34. Kf1 {[%clk
00:00:22]} {[%emt 00:00:03]} Rad8 {[%clk 00:00:17]} {[%emt 00:00:06]} 35. Bxg7
{[%clk 00:00:14]} {[%emt 00:00:12]} Kxg7 {[%clk 00:00:17]} {[%emt 00:00:05]} 36.
Qb2+ {[%clk 00:00:13]} {[%emt 00:00:06]} Kh7 {[%clk 00:00:19]} {[%emt
00:00:03]} 37. Qc2 {[%clk 00:00:13]} {[%emt 00:00:06]} Rxd1+ {[%clk 00:00:18]}
{[%emt 00:00:06]} 38. Qxd1 {[%clk 00:00:13]} {[%emt 00:00:05]} Re7 {[%clk
00:00:19]} {[%emt 00:00:04]} 39. a3 {[%emt 00:00:11]} Qxa3 {[%clk 00:00:16]}
{[%emt 00:00:06]} 40. Kg1 {[%clk 00:00:11]} {[%emt 00:00:03]} Qe3+ {[%clk
00:00:18]} {[%emt 00:00:02]} 41. Kf1 {[%clk 00:00:13]} {[%emt 00:00:03]} Qxb6
{[%clk 00:00:18]} {[%emt 00:00:05]} 0-1

[Event "World Youth & Cadets Rapid Championships"]
[Site "Rhodes, Greece"]
[Date "2022.05.02"]
[Round "7.41"]
[White "Gawerska, Karolina"]
[Black "Onipko, Kateryna"]
[Result "0-1"]
[TimeControl "10'/game & 5\"/move"]
[WhiteElo "1161"]
[BlackElo "1153"]

1. d4 {[%clk 00:10:08]} {[%emt 00:00:01]} Nf6 {[%clk 00:10:08]} {[%emt
00:00:02]} 2. c4 {[%clk 00:10:11]} {[%emt 00:00:02]} c5 {[%clk 00:10:00]}
{[%emt 00:00:13]} 3. dxc5 {[%clk 00:10:08]} {[%emt 00:00:08]} e6 {[%clk
00:09:59]} {[%emt 00:00:06]} 4. Bg5 {[%clk 00:10:04]} {[%emt 00:00:08]} Bxc5
{[%clk 00:09:55]} {[%emt 00:00:10]} 5. Nc3 {[%clk 00:10:05]} {[%emt 00:00:04]}
Qb6 {[%clk 00:09:39]} {[%emt 00:00:21]} 6. e3 {[%clk 00:09:54]} {[%emt
00:00:16]} Qxb2 {[%clk 00:09:08]} {[%emt 00:00:35]} 7. Rc1 {[%clk 00:09:29]}
{[%emt 00:00:31]} Bb4 {[%clk 00:08:43]} {[%emt 00:00:30]} 8. Qc2 {[%clk
00:09:22]} {[%emt 00:00:11]} Qxc2 {[%clk 00:08:41]} {[%emt 00:00:08]} 9. Rxc2
{[%clk 00:09:25]} {[%emt 00:00:02]} Ne4 {[%clk 00:08:43]} {[%emt 00:00:04]} 10.
Nge2 {[%clk 00:04:59]} {[%emt 00:04:31]} Nxg5 {[%clk 00:08:41]} {[%emt
00:00:06]} 11. g3 {[%clk 00:04:57]} {[%emt 00:00:08]} Ne4 {[%clk 00:08:39]}
{[%emt 00:00:07]} 12. Bg2 {[%clk 00:04:53]} {[%emt 00:00:08]} Nxc3 {[%clk
00:08:41]} {[%emt 00:00:03]} 13. Nxc3 {[%clk 00:04:54]} {[%emt 00:00:03]} Bxc3+
{[%clk 00:08:38]} {[%emt 00:00:09]} 14. Rxc3 {[%clk 00:04:57]} {[%emt
00:00:02]} Nc6 {[%clk 00:08:41]} {[%emt 00:00:02]} 15. O-O {[%clk 00:04:52]}
{[%emt 00:00:10]} O-O {[%clk 00:08:42]} {[%emt 00:00:04]} 16. Rd1 {[%clk
00:04:18]} {[%emt 00:00:42]} b6 {[%clk 00:08:30]} {[%emt 00:00:15]} 17. c5
{[%clk 00:03:45]} {[%emt 00:00:38]} Rb8 {[%clk 00:08:29]} {[%emt 00:00:06]} 18.
cxb6 {[%clk 00:03:13]} {[%emt 00:00:36]} Rxb6 {[%clk 00:08:32]} {[%emt
00:00:03]} 19. Ra3 {[%clk 00:02:42]} {[%emt 00:00:35]} d5 {[%clk 00:08:12]}
{[%emt 00:00:25]} 20. Rc3 {[%clk 00:02:19]} {[%emt 00:00:29]} Ba6 {[%clk
00:08:07]} {[%emt 00:00:10]} 21. Rdc1 {[%clk 00:02:06]} {[%emt 00:00:17]} Bc4
{[%clk 00:08:07]} {[%emt 00:00:05]} 22. e4 {[%clk 00:01:52]} {[%emt 00:00:20]}
Rc8 {[%clk 00:07:47]} {[%emt 00:00:25]} 23. exd5 {[%clk 00:01:39]} {[%emt
00:00:17]} exd5 {[%clk 00:07:50]} {[%emt 00:00:03]} 24. Bh3 {[%clk 00:01:41]}
{[%emt 00:00:02]} Rcb8 {[%clk 00:07:47]} {[%emt 00:00:09]} 25. Bd7 {[%clk
00:01:17]} {[%emt 00:00:28]} Ne5 {[%clk 00:07:40]} {[%emt 00:00:11]} 26. Bh3
{[%clk 00:01:09]} {[%emt 00:00:14]} Rb1 {[%clk 00:07:42]} {[%emt 00:00:03]} 27.
Rxb1 {[%clk 00:01:03]} {[%emt 00:00:11]} Rxb1+ {[%clk 00:07:45]} {[%emt
00:00:02]} 28. Kg2 {[%clk 00:01:05]} {[%emt 00:00:03]} Bf1+ {[%clk 00:07:48]}
{[%emt 00:00:03]} 29. Kg1 {[%clk 00:01:03]} {[%emt 00:00:07]} Bxh3+ {[%clk
00:07:51]} {[%emt 00:00:02]} 30. Rc1 {[%clk 00:01:05]} {[%emt 00:00:04]} Rxc1#
{[%clk 00:07:54]} {[%emt 00:00:02]} 0-1